00232nam a2200085Ia 4500001000800000005001700008008004100025245005400066260002600120125373120251031150959.0251031s9999 xx 000 0 und d 0cAYTÜL AKALaX-1 BÜYÜK YATAKTA KİM YATACAK bUÇANBALIK YAYINLARI